000 00523nam a2200217Ia 4500
003 OSt
005 20220928143718.0
006 a|||||r|||| 00| 0
007 ta
008 220927b |||||||| |||| 00| 0 eng d
024 _a22988
037 _cTextual
040 _aSDCL
_cSDCL
_beng
041 _2eng
_aeng
082 _aC52, M4
100 _aSolymar L
_9505983
245 0 _aLectures on electromanetics theory.
260 _c1984
942 _hC52, M4
_cTEXL
_2CC
999 _c824934
_d824934